|
|
แสดงรายละเอียดบรรณานุกรม |
|
|
Brief Record
: Get Marc (ISO 2709)
: E-mail record
: |
| LEADER 00000nama 2200000uu 4500 | |||
| 001 179673 | |||
| 003 ULIBM | |||
| 008 040531s2531 th m m a000 0 tha d | |||
| 041 tha | |||
| 050 WB110 ส846ต ล.1 | |||
| 100 สุรเกียรติ อาชานุภาพ | |||
| 245 ตำราการตรวจรักษาโรคทั่วไป:หลักการวินิจฉัยและรักษาโรค/ สุรเกียรติ อาชานุภาพ 001 | |||
| 260 กรุงเทพฯ หมอชาวบ้าน 2531 | |||
| 300 2 เล่ม | |||
| 650 โรค การตรวจ โรค การวินิจฉัยโรค,การักษาชื่อเรื่อง | |||
| 998 1999-02-03 | |||
| คุณยังไม่ได้ล็อกอิน คุณสามารถมีกิจกรรมร่วมกับเว็บไซต์ได้ แต่ต้องล็อกอินก่อน :: |
|
| สถานะ | |||||||||
| 1. | หนังสือทั่วไป | WB110 ส846ต ล.1 2531 | On Shelf ขอยืม | ||||||
| 2. | หนังสือทั่วไป | WB110 ส846ต ล.1 2531 | On Shelf ขอยืม | ||||||
| 3. | หนังสือทั่วไป | WB110 ส846ต ล.1 2531 | On Shelf ขอยืม | ||||||
| 4. | หนังสือทั่วไป | WB110 ส846ต ล.1 2531 | On Shelf ขอยืม | ||||||
| [แสดง 4/4 รายการ] | |||||||||
BibComment |
| คอมเมนท์ทรัพยากรรายการนี้ |
|
|